Designing & leading life-changing workshops : creating the conditions for transformation in your groups, trainings, and retreats /

Detaylı Bibliyografya
Diğer Yazarlar: Nelson, Ken (Workshop trainer), Ronka, David, Lang, Lesli, Korabek-Emerson, Liz, White, Jim
Materyal Türü: Kitap
Dil:English
Baskı/Yayın Bilgisi: Kittery Point, Maine : Cliffhouse Press, 2020.
Konular:
Classic Catalogue: View this record in Classic Catalogue
LEADER 03320nam a22003737a 4500
001 44630
003 BD-DhAAL
005 20250820165838.0
008 250820b |||a|||| b||| 001 0 eng d
020 |a 9781732003309 
040 |a BD-DhAAL  |c BD-DhAAL 
082 |a 370.1 
245 |a Designing & leading life-changing workshops :  |b creating the conditions for transformation in your groups, trainings, and retreats /  |c Ken Nelson... [et al.]. 
246 |a Designing and leading life-changing workshops 
260 |a Kittery Point, Maine :   |b Cliffhouse Press,  |c 2020. 
300 |a xv, 279 pages :  |b illustrations ;   |c 26 cm  
504 |a Includes bibliographical references (pages 277-279). 
505 |a Ken's story: Remember who you are! Introduction Part I: Transformation. Erica's story: Letting go of striving Exploring transformation Melanie's story: Finding my voice in the group Creating the conditions for transformation in workshops Part II: Designing your workshop. Hisla's story: I have a healing heart now Workshops and your work in the world Beth's story: Embracing the shadow What you practice grows stronger From idea to mind-body experience The transformational learning cycle Meira's story: Growing in trust over time A journey of discovery: navigating and sequencing your workshop Champion your workshop: meet people where they are Part III: Leading your workshop. Vivian's story: Letting go and holding space The embodied leader The twin roles of teacher and facilitator Katie's story: Runaway workshop The first key creating safe space The skills of listening and reflecting Lauren's story: The truth I needed to face The second key inviting full participation The skills of encouraging the questioning Barry's story: When things fall apart The third key attending to challenges The skills of intervening and clearing Group dynamics Robin's story: From recovering shy person to workshop leader Conclusions Appendix A: Research and theory behind mind-body teachings: a brief overview Appendix B: A view toward trauma-informed workshops Appendix C: Additional resources 
526 |a LTIC  |x Professor Md. Golam Samdani Fakir, PhD Director Learning and Teaching Innovation Center (LTIC) Course Name : Enriching LTIC for curriculum development, assessment, ethics, faculty leadership, and global education, etc.  
541 |a R K Corporation  |e 44630 
650 |a Comparative education. 
650 |a Education. 
650 |a Workshops (Adult education)  |x Planning.   |9 59130 
650 |a Seminars  |x Planning.   |9 59131 
650 |a Holistic education.  |9 59132 
650 |a Training. 
700 |a Nelson, Ken  |c (Workshop trainer)  |9 59125 
700 |a Ronka, David,  |9 59126 
700 |a Lang, Lesli.  |9 59127 
700 |a Korabek-Emerson, Liz.  |9 59128 
700 |a White, Jim.  |9 59129 
942 |2 ddc  |c BK 
999 |c 47381  |d 47381 
952 |0 0  |1 0  |2 ddc  |4 0  |6 370_100000000000000_DES  |7 0  |9 78017  |a BRACUL  |b BRACUL  |c GEN  |d 2025-08-20  |e R K Corporation  |g 3250.00  |l 2  |m 11  |o 370.1 DES  |p 3010044630  |r 2026-05-10  |s 2026-04-09  |t 1  |v 6500.00  |w 2025-08-13  |y BK  |x Requisitioned by Professor Md. Golam Samdani Fakir, PhD (Director, Learning and Teaching Innovation Center (LTIC), BRAC University) for the course named - "Enriching LTIC for curriculum development, assessment, ethics, faculty leadership, and global education, etc."